<?xml version="1.0" encoding="UTF-8"?>
<collection xmlns="http://www.loc.gov/MARC21/slim">
 <record>
  <leader>01432nam a22003497i 4500</leader>
  <controlfield tag="001">31224</controlfield>
  <controlfield tag="003">BD-DhAAL</controlfield>
  <controlfield tag="005">20190519124108.0</controlfield>
  <controlfield tag="008">160807t20142014caua     b    000 0 eng  </controlfield>
  <datafield tag="999" ind1=" " ind2=" ">
   <subfield code="c">37752</subfield>
   <subfield code="d">37752</subfield>
  </datafield>
  <datafield tag="010" ind1=" " ind2=" ">
   <subfield code="a">  2014931279</subfield>
  </datafield>
  <datafield tag="020" ind1=" " ind2=" ">
   <subfield code="a">9780984391318</subfield>
  </datafield>
  <datafield tag="020" ind1=" " ind2=" ">
   <subfield code="a">0984391312</subfield>
  </datafield>
  <datafield tag="040" ind1=" " ind2=" ">
   <subfield code="a">W4M</subfield>
   <subfield code="b">eng</subfield>
   <subfield code="c">W4M</subfield>
   <subfield code="e">rda</subfield>
   <subfield code="d">OCLCO</subfield>
   <subfield code="d">KUK</subfield>
   <subfield code="d">CUY</subfield>
   <subfield code="d">OCLCO</subfield>
   <subfield code="d">OCLCA</subfield>
   <subfield code="d">OCLCQ</subfield>
   <subfield code="d">OCLCF</subfield>
   <subfield code="d">OCLCO</subfield>
   <subfield code="d">BD-DhAAL</subfield>
   <subfield code="d">DLC</subfield>
  </datafield>
  <datafield tag="050" ind1="0" ind2="0">
   <subfield code="a">NA2543.T43</subfield>
   <subfield code="b">F335 2014</subfield>
  </datafield>
  <datafield tag="082" ind1="0" ind2="0">
   <subfield code="a">729</subfield>
   <subfield code="2">23</subfield>
  </datafield>
  <datafield tag="245" ind1="0" ind2="0">
   <subfield code="a">Fabrication [to construct by assembling diverse parts] and fabrication [an untruthful statement] /</subfield>
   <subfield code="c">edited by Amit Wolf.</subfield>
  </datafield>
  <datafield tag="246" ind1="3" ind2=" ">
   <subfield code="a">Fabrication and fabrication</subfield>
  </datafield>
  <datafield tag="264" ind1=" " ind2="1">
   <subfield code="a">Los Angeles, Calif :</subfield>
   <subfield code="b">SCI-Arc Press,</subfield>
   <subfield code="c">2014</subfield>
  </datafield>
  <datafield tag="264" ind1=" " ind2="4">
   <subfield code="c">©2014</subfield>
  </datafield>
  <datafield tag="300" ind1=" " ind2=" ">
   <subfield code="a">93 pages :</subfield>
   <subfield code="b">illustrations (some color) ;</subfield>
   <subfield code="c">22 cm</subfield>
  </datafield>
  <datafield tag="504" ind1=" " ind2=" ">
   <subfield code="a">Includes bibliographical references.</subfield>
  </datafield>
  <datafield tag="526" ind1=" " ind2=" ">
   <subfield code="a">ARC</subfield>
  </datafield>
  <datafield tag="541" ind1=" " ind2=" ">
   <subfield code="e">31224</subfield>
  </datafield>
  <datafield tag="610" ind1="2" ind2="0">
   <subfield code="a">Southern California Institute of Architecture.</subfield>
   <subfield code="9">20288</subfield>
  </datafield>
  <datafield tag="650" ind1=" " ind2="0">
   <subfield code="a">Architectural design.</subfield>
   <subfield code="9">20289</subfield>
  </datafield>
  <datafield tag="650" ind1=" " ind2="0">
   <subfield code="a">Computer-aided design.</subfield>
   <subfield code="9">20290</subfield>
  </datafield>
  <datafield tag="650" ind1=" " ind2="0">
   <subfield code="a">Architectural design</subfield>
   <subfield code="x">Data processing.</subfield>
   <subfield code="9">20291</subfield>
  </datafield>
  <datafield tag="650" ind1=" " ind2="0">
   <subfield code="a">Manufacturing processes</subfield>
   <subfield code="x">Data processing.</subfield>
   <subfield code="9">20292</subfield>
  </datafield>
  <datafield tag="700" ind1="1" ind2=" ">
   <subfield code="a">Wolf, Amit,</subfield>
   <subfield code="e">editor.</subfield>
   <subfield code="9">20293</subfield>
  </datafield>
  <datafield tag="942" ind1=" " ind2=" ">
   <subfield code="2">ddc</subfield>
   <subfield code="c">BK</subfield>
  </datafield>
  <datafield tag="952" ind1=" " ind2=" ">
   <subfield code="0">0</subfield>
   <subfield code="1">0</subfield>
   <subfield code="2">ddc</subfield>
   <subfield code="4">0</subfield>
   <subfield code="6">729_000000000000000_FAB</subfield>
   <subfield code="7">0</subfield>
   <subfield code="9">59526</subfield>
   <subfield code="a">BRACUL</subfield>
   <subfield code="b">BRACUL</subfield>
   <subfield code="c">GEN</subfield>
   <subfield code="d">2016-08-07</subfield>
   <subfield code="e">Karim International</subfield>
   <subfield code="g">3480.00</subfield>
   <subfield code="l">0</subfield>
   <subfield code="o">729 FAB</subfield>
   <subfield code="p">3010031224</subfield>
   <subfield code="r">2016-08-07</subfield>
   <subfield code="t">1</subfield>
   <subfield code="w">2016-08-07</subfield>
   <subfield code="y">BK</subfield>
   <subfield code="x">Transferred from ARC to BRACUL on 28/12/2023</subfield>
  </datafield>
 </record>
</collection>
